000 00832nam a2200217 i 4500
001 144625
003 ES-MaACL
005 20230906201048.0
007 t|
008 070214s1977 xxu r ||||1| spa d
100 1 _aSimmons, Merle E.
_9106491
245 1 0 _aSantiago F. Puglia
_b: an early Philadelphia propagandist for Spanish American independence /
_cMerle E. Simmons.
260 _aChapel Hill (USA) :
_bUniversity of North Carolina,
_c1977.
300 _a73 p. ;
_c24 cm.
490 1 _aNorth Carolina studies in the Romance languages and literatures ;
_v195
600 1 4 _aPuglia, Santiago Felipe.
_9158548
710 0 0 _aUniversity of North Carolina.
_97512
830 0 _aNorth Carolina studies in the Romance languages and literatures ;
_v195
_9182412
852 _aES-MaACL
_jA-7734
_bR.96742
999 _c144625
_d144625